Tierra Firme.

Saved in:
書目詳細資料
主要作者: Lira, Benjamín (autor)
格式: 圖書
出版: Los Vilos, Chile: Bodegón Cultural de Los Vilos, 2018.
主題:
標簽: 添加標簽
沒有標簽, 成為第一個標記此記錄!

MARC

LEADER 00000nam a22000007a 4500
003 CL-VaPUC
005 20230912100817.0
008 230808t2018 ||||| |||| 00| 0 eng d
999 |c 441536  |d 441534 
040 |c Pontificia Universidad Católica de Valparaíso 
082 0 4 |2 22  |a 730.983 LIR 2018 
100 1 |a Lira, Benjamín  |9 546510  |e autor 
245 1 0 |a Tierra Firme. 
260 |a Los Vilos, Chile:   |b Bodegón Cultural de Los Vilos,  |c 2018. 
300 |a sin paginación; ilustraciones. 
500 |a c.1 Donación Prof. Constanza Jarpa Luco. Memo ART 05/2023 
583 |c 20230808  |k Catalogador Asistente 
650 1 |a Escultura chilena  |x Exposiciones  |9 884222 
650 1 |a Talla en piedra  |z Chile  |x Exposiciones  |9 884226 
650 1 |a Grabados  |z Chile  |x Exposiciones  |9 875110 
942 |2 ddc  |c BK 
952 |0 0  |1 0  |2 ddc  |4 0  |6 730_983000000000000_LIR_2018  |7 0  |8 R  |9 591174  |a BIBART  |b BIBART  |d 2023-08-08  |e Donación  |i 5658354  |o 730.983 LIR 2018  |p 5658354  |r 2025-03-13  |t 1  |w 2023-08-08  |y BK_R  |k ART